[Event "Titled Tuesday intern op 23rd May Late"]
[Site "Chess.com INT"]
[Date "2023.05.23"]
[Round "8"]
[White "Einarsson, Halldor Gretar"]
[Black "Thiel, Thomas"]
[Result "1-0"]
[WhiteElo "2218"]
[BlackElo "2234"]
[PlyCount "63"]
[EventDate "2023.05.23"]
[EventType "swiss (blitz)"]
[EventRounds "11"]
[EventCountry "USA"]
[SourceTitle "EXT 2024"]
[Source "ChessBase"]
[SourceDate "2023.10.10"]
[SourceVersion "1"]
[SourceVersionDate "2023.10.10"]
[SourceQuality "1"]

1. d4 Nf6 2. c4 g6 3. f3 c5 4. d5 d6 5. Nc3 e6 6. e4 exd5 7. cxd5 Bg7 8. Nge2 0-0 9. Ng3 h5 10. Bd3 Nbd7 11. 0-0 Ne5 12. Be2 h4 13. Nh1 h3 14. g3 Re8 15. Nf2 b6 16. Bg5 a6 17. a4 Qc7 18. Qd2 Nh7 19. Bh6 Bh8 20. f4 Nd7 21. Nxh3 c4 22. Nf2 Rb8 23. Rfc1 b5 24. axb5 axb5 25. Rab1 Nc5 26. b4 Nb3 27. Rxb3 cxb3 28. Nxb5 Qb6 29. f5 Rxe4 30. Rc6 Qe3 31. Bxe3 Rxe3 32. Qxe3 1-0

[Event "Titled Tuesday intern op 16th May Late"]
[Site "Chess.com INT"]
[Date "2023.05.16"]
[Round "2"]
[White "Einarsson, Halldor Gretar"]
[Black "Sliwicki, Damian"]
[Result "0-1"]
[WhiteElo "2218"]
[BlackElo "2158"]
[PlyCount "40"]
[EventDate "2023.05.16"]
[EventType "swiss (blitz)"]
[EventRounds "11"]
[EventCountry "USA"]
[SourceTitle "CBM 214 Extra"]
[Source "ChessBase"]
[SourceDate "2023.07.31"]
[SourceVersion "1"]
[SourceVersionDate "2023.07.31"]
[SourceQuality "1"]

1. d4 Nf6 2. c4 e5 3. dxe5 Ng4 4. Nf3 Nc6 5. a3 Ngxe5 6. e3 Be7 7. Be2 0-0 8. 0-0 d6 9. Nc3 Bg4 10. b3 Bf6 11. Bb2 Re8 12. Ra2 Nxf3+ 13. Bxf3 Bxf3 14. Qxf3 Qd7 15. Nd5 Bxb2 16. Rxb2 Re6 17. Qg4 Ne5 18. Qg3 Rae8 19. Rd2 Rg6 20. Qh4 Nf3+ 0-1

[Event "Titled Tuesday intern op 16th May Late"]
[Site "Chess.com INT"]
[Date "2023.05.16"]
[Round "5"]
[White "Vargas, Mauricio"]
[Black "Einarsson, Halldor Gretar"]
[Result "0-1"]
[WhiteElo "2035"]
[BlackElo "2218"]
[PlyCount "84"]
[EventDate "2023.05.16"]
[EventType "swiss (blitz)"]
[EventRounds "11"]
[EventCountry "USA"]
[SourceTitle "CBM 214 Extra"]
[Source "ChessBase"]
[SourceDate "2023.07.31"]
[SourceVersion "1"]
[SourceVersionDate "2023.07.31"]
[SourceQuality "1"]

1. e4 c5 2. Nc3 Nc6 3. f4 g6 4. Nf3 Bg7 5. g3 e6 6. Bg2 Nge7 7. 0-0 d5 8. e5 0-0 9. d3 f6 10. Qe1 Nf5 11. g4 Nfd4 12. Rf2 Nxf3+ 13. Bxf3 fxe5 14. fxe5 Nxe5 15. Be2 Rxf2 16. Qxf2 Nc6 17. Kh1 Nd4 18. Bf1 e5 19. Be3 Bxg4 20. Bg2 Be6 21. Re1 Qd7 22. Qd2 Rf8 23. Nd1 b6 24. c3 Nf3 25. Bxf3 Rxf3 26. Bg5 Qf7 27. Rg1 Rf1 28. Qg2 Rxg1+ 29. Qxg1 Qf3+ 30. Qg2 Qxd1+ 31. Qg1 Qxg1+ 32. Kxg1 Bf5 33. c4 d4 34. Bd8 Bxd3 35. b3 e4 36. Bc7 e3 37. Bb8 Bf6 38. Bg3 Be2 39. Be1 d3 40. b4 Bd4 41. bxc5 bxc5 42. a4 Bf3 0-1

[Event "Titled Tuesday intern op 11th Apr Early"]
[Site "Chess.com INT"]
[Date "2023.04.11"]
[Round "11"]
[White "Einarsson, Halldor Gretar"]
[Black "Szyszylo, Rafal"]
[Result "0-1"]
[WhiteElo "2218"]
[BlackElo "2091"]
[PlyCount "90"]
[EventDate "2023.04.11"]
[EventType "swiss (blitz)"]
[EventRounds "11"]
[EventCountry "USA"]
[SourceTitle "CBM 213 Extra"]
[Source "ChessBase"]
[SourceDate "2023.05.31"]
[SourceVersion "1"]
[SourceVersionDate "2023.05.31"]
[SourceQuality "1"]

1. d4 g6 2. c4 Nf6 3. f3 d6 4. e4 Bg7 5. Nc3 Nfd7 6. Be3 e5 7. Nge2 Bh6 8. Qd2 Bxe3 9. Qxe3 0-0 10. 0-0-0 a6 11. h4 Nc6 12. h5 Nf6 13. hxg6 fxg6 14. dxe5 Nxe5 15. Nf4 c6 16. c5 b5 17. Rxd6 Qe7 18. Qd4 Ne8 19. Re6 Bxe6 20. Qxe5 Ng7 21. Nd3 Qf7 22. Qd6 Bxa2 23. Nxa2 Qxa2 24. Kc2 Qc4+ 25. Kb1 Rfd8 26. Ne5 Qe6 27. Qxe6+ Nxe6 28. Nxc6 Rd1+ 29. Kc2 Ra1 30. b4 Re8 31. f4 Kg7 32. f5 Nf4 33. g3 Nh5 34. Bg2 Rxh1 35. Bxh1 Nxg3 36. Bf3 gxf5 37. exf5 Nxf5 38. Kd3 Re3+ 39. Kd2 Rxf3 40. Ne5 Rb3 41. c6 Nd6 42. Nd3 Ra3 43. c7 Kf8 44. Ne5 Ke7 45. Nc6+ Kd7 0-1

[Event "Titled Tuesday intern op 7th Mar Late"]
[Site "Chess.com INT"]
[Date "2023.03.07"]
[Round "6"]
[White "Vargas, Mauricio"]
[Black "Einarsson, Halldor Gretar"]
[Result "0-1"]
[WhiteElo "2056"]
[BlackElo "2216"]
[PlyCount "78"]
[EventDate "2023.03.07"]
[EventType "swiss (blitz)"]
[EventRounds "11"]
[EventCountry "USA"]
[SourceTitle "EXT 2024"]
[Source "ChessBase"]
[SourceDate "2023.10.10"]
[SourceVersion "1"]
[SourceVersionDate "2023.10.10"]
[SourceQuality "1"]

1. e4 c5 2. Nc3 Nc6 3. f4 g6 4. Nf3 Bg7 5. d3 e6 6. Bd2 Nge7 7. Ne2 Bxb2 8. Rb1 Bg7 9. h3 d5 10. e5 b6 11. g4 Bb7 12. a4 h5 13. g5 Nf5 14. Bg2 Qd7 15. Rb2 d4 16. Qb1 Nce7 17. a5 Nd5 18. axb6 axb6 19. 0-0 0-0 20. Kh2 Nfe3 21. Rg1 Nxg2 22. Rxg2 Nc3 23. Nxc3 dxc3 24. Bxc3 Bxf3 25. Rf2 Bc6 26. Rxb6 Rfc8 27. Bd2 Bf8 28. Be3 Qd5 29. c4 Qd7 30. Rfb2 Ra3 31. Rb8 Ra8 32. R8b6 Kg7 33. R6b3 Ra5 34. Rb6 Ba8 35. Qe1 Ra3 36. Rd6 Bxd6 37. exd6 Qxd6 38. Bd2 Rxd3 39. Bc3+ Kh7 0-1

[Event "Titled Tuesday intern op 28th Feb Early"]
[Site "Chess.com INT"]
[Date "2023.02.28"]
[Round "10"]
[White "Einarsson, Halldor Gretar"]
[Black "Gutkin, Ilya"]
[Result "0-1"]
[WhiteElo "2209"]
[BlackElo "2245"]
[PlyCount "70"]
[EventDate "2023.02.28"]
[EventType "swiss (blitz)"]
[EventRounds "11"]
[EventCountry "USA"]
[SourceTitle "CBM 213 Extra"]
[Source "ChessBase"]
[SourceDate "2023.05.31"]
[SourceVersion "1"]
[SourceVersionDate "2023.05.31"]
[SourceQuality "1"]

1. d4 d6 2. c4 e5 3. Nc3 Nf6 4. Nf3 e4 5. Nd2 Bf5 6. Qb3 Qc8 7. g3 c6 8. Bg2 e3 9. fxe3 Be7 10. 0-0 Be6 11. e4 0-0 12. d5 Bg4 13. Nf3 Nbd7 14. h3 Nc5 15. Qc2 Bxh3 16. e5 dxe5 17. Nxe5 Bxg2 18. Kxg2 Bd6 19. Nd3 cxd5 20. cxd5 Nce4 21. Bf4 Bxf4 22. Nxf4 Re8 23. Rac1 Qg4 24. Qd3 Rad8 25. Qf3 Nd2 26. Qxg4 Nxg4 27. Rfd1 Ne3+ 28. Kf2 Nxd1+ 29. Rxd1 Ne4+ 30. Kf3 Nxc3 31. bxc3 g5 32. Nh5 Re5 33. e4 f5 34. exf5 Kf7 35. Kg4 h6 0-1

[Event "Titled Tuesday intern op 28th Feb Late"]
[Site "Chess.com INT"]
[Date "2023.02.28"]
[Round "10"]
[White "Garcia Correa, Jose Ricardo"]
[Black "Einarsson, Halldor Gretar"]
[Result "1/2-1/2"]
[WhiteElo "2103"]
[BlackElo "2209"]
[PlyCount "79"]
[EventDate "2023.02.28"]
[EventType "swiss (blitz)"]
[EventRounds "11"]
[EventCountry "USA"]
[SourceTitle "CBM 213 Extra"]
[Source "ChessBase"]
[SourceDate "2023.05.31"]
[SourceVersion "1"]
[SourceVersionDate "2023.05.31"]
[SourceQuality "1"]

1. e4 c5 2. Nf3 Nc6 3. d4 cxd4 4. Nxd4 Nf6 5. Nxc6 bxc6 6. Bd3 d5 7. e5 Ng4 8. f4 Qb6 9. Qe2 Nh6 10. Nc3 Nf5 11. Na4 Qa5+ 12. Nc3 Nd4 13. Qf2 c5 14. Bd2 Qd8 15. Be3 e6 16. Bxd4 cxd4 17. Qxd4 Be7 18. Bb5+ Bd7 19. Qa4 a6 20. Bxd7+ Qxd7 21. Qxd7+ Kxd7 22. 0-0-0 Rab8 23. g4 Rhc8 24. f5 Bg5+ 25. Rd2 Bxd2+ 26. Kxd2 Rb4 27. h3 Rxb2 28. Kd3 Rb4 29. Rf1 Rbc4 30. Ne2 Rxc2 31. fxe6+ fxe6 32. Rf7+ Ke8 33. Rxg7 Rxa2 34. Nd4 Ra3+ 35. Kd2 Rxh3 36. Nxe6 Rb8 37. Kc2 Rc8+ 38. Kd2 Rb8 39. Kc2 Rc8+ 40. Kd2 1/2-1/2

[Event "Titled Tuesday intern op 28th Feb Late"]
[Site "Chess.com INT"]
[Date "2023.02.28"]
[Round "4"]
[White "Kochiev, Ivan"]
[Black "Einarsson, Halldor Gretar"]
[Result "1-0"]
[WhiteElo "2046"]
[BlackElo "2209"]
[PlyCount "75"]
[EventDate "2023.02.28"]
[EventType "swiss (blitz)"]
[EventRounds "11"]
[EventCountry "USA"]
[SourceTitle "CBM 213 Extra"]
[Source "ChessBase"]
[SourceDate "2023.05.31"]
[SourceVersion "1"]
[SourceVersionDate "2023.05.31"]
[SourceQuality "1"]

1. e4 c5 2. Nf3 Nc6 3. d4 cxd4 4. Nxd4 Nf6 5. Nc3 e5 6. Ndb5 d6 7. Bg5 a6 8. Na3 b5 9. Nd5 Be7 10. Bxf6 Bxf6 11. c3 Bg5 12. Nc2 0-0 13. Nce3 Be6 14. Qd3 g6 15. Be2 f5 16. f3 Ne7 17. 0-0 Bxe3+ 18. Nxe3 d5 19. exd5 Nxd5 20. Nxd5 Bxd5 21. Rfd1 Qb6+ 22. Kh1 Rad8 23. Qc2 e4 24. c4 Bb7 25. cxb5 axb5 26. fxe4 Bxe4 27. Qb3+ Kg7 28. Bf3 Qf2 29. Rf1 Qc2 30. Qxb5 Rb8 31. Qd7+ Rf7 32. Qd4+ Kg8 33. b3 Bxf3 34. Rxf3 Re8 35. Qf2 Qc6 36. h3 Rfe7 37. Qg3 Re2 38. Rxf5 1-0

[Event "Titled Tuesday intern op 28th Feb Late"]
[Site "Chess.com INT"]
[Date "2023.02.28"]
[Round "8"]
[White "Mikhalsky, Vladimir"]
[Black "Einarsson, Halldor Gretar"]
[Result "1-0"]
[WhiteElo "2269"]
[BlackElo "2209"]
[PlyCount "81"]
[EventDate "2023.02.28"]
[EventType "swiss (blitz)"]
[EventRounds "11"]
[EventCountry "USA"]
[SourceTitle "CBM 213 Extra"]
[Source "ChessBase"]
[SourceDate "2023.05.31"]
[SourceVersion "1"]
[SourceVersionDate "2023.05.31"]
[SourceQuality "1"]

1. d4 Nf6 2. c4 g6 3. f3 d5 4. cxd5 Nxd5 5. e4 Nb6 6. Nc3 Bg7 7. Be3 0-0 8. Qd2 e5 9. d5 c6 10. h4 cxd5 11. exd5 N8d7 12. h5 Nf6 13. 0-0-0 Bd7 14. g4 Rc8 15. Kb1 Na4 16. Nge2 Qa5 17. hxg6 fxg6 18. Nxa4 Qxa4 19. Nc3 Qb4 20. a3 Qb3 21. Bd3 Nxd5 22. Nxd5 Qxd5 23. Bxg6 Qxd2 24. Bxh7+ Kf7 25. Rxd2 Bc6 26. Be4 Rh8 27. Rxh8 Rxh8 28. Bxc6 bxc6 29. Rd7+ Kg6 30. Rd6+ Kf7 31. Rxc6 Rh3 32. Rc7+ Kg6 33. Bxa7 Rxf3 34. Rc4 Rg3 35. Bf2 Rg2 36. Be1 Re2 37. Bc3 Kg5 38. a4 Bf6 39. a5 e4 40. Bxf6+ Kxf6 41. a6 1-0

[Event "Titled Tuesday intern op 28th Feb Early"]
[Site "Chess.com INT"]
[Date "2023.02.28"]
[Round "6"]
[White "Tarnowska, Aleksandra"]
[Black "Einarsson, Halldor Gretar"]
[Result "0-1"]
[WhiteElo "1835"]
[BlackElo "2209"]
[PlyCount "102"]
[EventDate "2023.02.28"]
[EventType "swiss (blitz)"]
[EventRounds "11"]
[EventCountry "USA"]
[SourceTitle "CBM 213 Extra"]
[Source "ChessBase"]
[SourceDate "2023.05.31"]
[SourceVersion "1"]
[SourceVersionDate "2023.05.31"]
[SourceQuality "1"]

1. e4 c5 2. Nf3 Nc6 3. Bb5 g6 4. 0-0 Bg7 5. c3 Nf6 6. e5 Nd5 7. d4 cxd4 8. cxd4 0-0 9. Nc3 Nc7 10. Ba4 d5 11. Be3 a6 12. a3 b5 13. Bc2 Na5 14. h3 h6 15. Bd3 Be6 16. Qd2 Nb3 17. Qe2 Nxa1 18. Rxa1 Qd7 19. Qd2 Kh7 20. Ne2 Bf5 21. Bxf5 Qxf5 22. Ng3 Qd7 23. Qd3 Ne6 24. Nh5 Bh8 25. Ng3 Rfc8 26. Nh2 Bg7 27. Ng4 Rc6 28. Qd2 h5 29. Nh6 Bxh6 30. Bxh6 Nxd4 31. Qxd4 Kxh6 32. Qf4+ Kg7 33. Qg5 Kh7 34. Qf4 Qe6 35. Re1 Rac8 36. Kh2 Rc2 37. b4 R8c4 38. Qe3 R2c3 39. Qg5 Rxa3 40. Ne2 Re4 41. Nf4 Qf5 42. Qxf5 gxf5 43. Ne2 Ra2 44. Rd1 Raxe2 45. Rxd5 Rxf2 46. Rd7 Ree2 47. Rxe7 Rxg2+ 48. Kh1 Kg6 49. h4 Rg4 50. Re8 Rxb4 51. Kg1 Rb1# 0-1

[Event "Titled Tuesday intern op 30th Aug Late"]
[Site "Chess.com INT"]
[Date "2022.08.30"]
[Round "2"]
[White "Bifulco, Michel"]
[Black "Einarsson, Halldor Gretar"]
[Result "1-0"]
[WhiteElo "2339"]
[BlackElo "2226"]
[PlyCount "45"]
[EventDate "2022.08.30"]
[EventType "swiss (blitz)"]
[EventRounds "11"]
[EventCountry "USA"]
[SourceTitle "EXT 2023"]
[Source "ChessBase"]
[SourceDate "2022.10.05"]
[SourceVersion "1"]
[SourceVersionDate "2022.10.05"]
[SourceQuality "1"]

1. Nf3 Nf6 2. c4 c5 3. Nc3 Nc6 4. d4 cxd4 5. Nxd4 g6 6. e4 d6 7. f3 Bg7 8. Be3 Bd7 9. Be2 0-0 10. 0-0 a6 11. Qd2 Rc8 12. Rac1 Ne5 13. b3 h5 14. Rfd1 Kh7 15. Bf1 Ng8 16. h3 f5 17. exf5 gxf5 18. f4 Ng6 19. Nf3 Nf6 20. Bd3 Qe8 21. Qc2 Ng8 22. Nd5 Nh6 23. Ng5+ 1-0

[Event "Titled Tuesday intern op 30th Aug Late"]
[Site "Chess.com INT"]
[Date "2022.08.30"]
[Round "4"]
[White "Einarsson, Halldor Gretar"]
[Black "Fajdetic, Hrvoje"]
[Result "0-1"]
[WhiteElo "2226"]
[BlackElo "2151"]
[PlyCount "48"]
[EventDate "2022.08.30"]
[EventType "swiss (blitz)"]
[EventRounds "11"]
[EventCountry "USA"]
[SourceTitle "EXT 2023"]
[Source "ChessBase"]
[SourceDate "2022.10.05"]
[SourceVersion "1"]
[SourceVersionDate "2022.10.05"]
[SourceQuality "1"]

1. d4 Nf6 2. c4 e5 3. dxe5 Ng4 4. Nf3 Bc5 5. e3 Nc6 6. a3 a5 7. Qd5 Qe7 8. Nc3 Ngxe5 9. Nxe5 Nxe5 10. b3 Ra6 11. Ne4 Ba7 12. Bb2 Re6 13. c5 0-0 14. h4 f6 15. Bxe5 fxe5 16. Ng5 Bxc5 17. Bc4 Bxa3 18. 0-0 Bd6 19. Rxa5 b5 20. Nxe6 dxe6 21. Qxb5 e4 22. Ra8 Qxh4 23. Rd1 Qh2+ 24. Kf1 Kh8 0-1

[Event "Titled Tuesday intern op 30th Aug Late"]
[Site "Chess.com INT"]
[Date "2022.08.30"]
[Round "5"]
[White "Thiel, Thomas"]
[Black "Einarsson, Halldor Gretar"]
[Result "1-0"]
[WhiteElo "2230"]
[BlackElo "2226"]
[PlyCount "59"]
[EventDate "2022.08.30"]
[EventType "swiss (blitz)"]
[EventRounds "11"]
[EventCountry "USA"]
[SourceTitle "EXT 2023"]
[Source "ChessBase"]
[SourceDate "2022.10.05"]
[SourceVersion "1"]
[SourceVersionDate "2022.10.05"]
[SourceQuality "1"]

1. e4 c5 2. Nc3 g6 3. d4 cxd4 4. Qxd4 f6 5. h4 Nc6 6. Qd1 h6 7. Bd3 e5 8. Be3 Nge7 9. Nd5 Bg7 10. Bc5 d6 11. Ba3 Nxd5 12. exd5 Ne7 13. Qf3 f5 14. Bb5+ Bd7 15. Bxd7+ Qxd7 16. 0-0-0 Rc8 17. Ne2 0-0 18. Kb1 Rfd8 19. Qh3 a5 20. f4 b5 21. b3 b4 22. Bb2 Rc5 23. h5 Nxd5 24. hxg6 Rdc8 25. fxe5 dxe5 26. Ng3 Rf8 27. Nh5 Qe6 28. Nxg7 Kxg7 29. Qxh6+ Kf6 30. g7+ 1-0

[Event "Titled Tuesday intern op 23rd Aug Late"]
[Site "Chess.com INT"]
[Date "2022.08.23"]
[Round "9"]
[White "Einarsson, Halldor Gretar"]
[Black "Milosevic, Milos"]
[Result "0-1"]
[WhiteElo "2226"]
[BlackElo "2342"]
[PlyCount "64"]
[EventDate "2022.08.23"]
[EventType "swiss (blitz)"]
[EventRounds "11"]
[EventCountry "USA"]
[SourceTitle "EXT 2023"]
[Source "ChessBase"]
[SourceDate "2022.10.05"]
[SourceVersion "1"]
[SourceVersionDate "2022.10.05"]
[SourceQuality "1"]

1. d4 g6 2. c4 Bg7 3. Nc3 d6 4. e4 Nd7 5. Be3 e5 6. Nge2 Ngf6 7. f3 0-0 8. Qd2 c6 9. 0-0-0 Qa5 10. h4 h5 11. Kb1 a6 12. g4 b5 13. g5 b4 14. Nd5 cxd5 15. gxf6 Bxf6 16. exd5 exd4 17. Nxd4 Ne5 18. f4 Ng4 19. Nc6 Qc7 20. Bd4 Bf5+ 21. Ka1 Rfe8 22. Bd3 Bxd4 23. Bxf5 Be3 24. Qd3 Nf2 25. Qc2 b3 26. axb3 Nxh1 27. Bxg6 fxg6 28. Qxg6+ Qg7 29. Qxd6 Nf2 30. Rf1 Nd3 31. Ne5 Bxf4 32. Nxd3 Bxd6 0-1

[Event "Titled Tuesday intern op 23rd Aug Late"]
[Site "Chess.com INT"]
[Date "2022.08.23"]
[Round "2"]
[White "Einarsson, Halldor Gretar"]
[Black "Veiga, Jose Francisco RP"]
[Result "0-1"]
[WhiteElo "2226"]
[BlackElo "2378"]
[PlyCount "60"]
[EventDate "2022.08.23"]
[EventType "swiss (blitz)"]
[EventRounds "11"]
[EventCountry "USA"]
[SourceTitle "EXT 2023"]
[Source "ChessBase"]
[SourceDate "2022.10.05"]
[SourceVersion "1"]
[SourceVersionDate "2022.10.05"]
[SourceQuality "1"]

1. d4 Nf6 2. c4 e6 3. g3 d5 4. Nf3 h6 5. Bg2 Bd6 6. 0-0 0-0 7. Qc2 Nc6 8. Nbd2 Re8 9. e4 dxe4 10. Nxe4 Nxe4 11. Qxe4 e5 12. dxe5 Nxe5 13. Nxe5 Bxe5 14. Re1 Bd7 15. Qxb7 Rb8 16. Qxa7 Bd4 17. Rxe8+ Bxe8 18. Qa5 Qf6 19. Qd2 Bd7 20. a4 Re8 21. a5 Bg4 22. a6 Re2 23. Qxd4 Qxd4 24. Be3 Rxe3 25. fxe3 Qxe3+ 26. Kh1 Bf3 27. a7 Bxg2+ 28. Kxg2 Qe4+ 29. Kh3 Qa8 30. b4 Kf8 0-1